Statistics for Largest Cities In Indiana

Click here to take the quiz!

General Stats

  • This quiz has been taken 17 times
  • The average score is 7 of 10

Answer Stats

Pop. City % Correct
872,680Indianapolis
100%
265,904Fort Wayne
94%
76,008Gary
94%
118,930Evansville
88%
102,245South Bend
81%
92,198Carmel
63%
76,618Hammond
63%
91,832Fishers
56%
85,071Bloomington
56%
72,390Lafayette
50%

Score Distribution

Percentile by Number Answered

Percent of People with Each Score

Your Score History

You have not taken this quiz